000 00923nam a22002657a 4500
005 20121011115529.0
008 121011t xxu||||| |||| 00| 0 eng d
010 _aENG-106069
020 _a9781259001802
_c395.00
020 _a1259001806
_c395.00
035 _aEN-89602
037 _bDBAD / PUB
040 _bDBAD/PUB
082 _a658.84
100 1 _aPaul, Justin
_953041
245 1 _aInternational marketing :
_cby Justin Paul [and] Ramneek Kapoor
_btext and cases /
250 _a2nd ed
260 _aNew Delhi
_bTata McGraw-Hill
_c2012
270 _a7 West Patel Nagar
_bNew Delhi
_e110008
300 _axv,503p.
_c24cm (pbk )
500 _aIncludes index
700 _aKapoor, Ramneek
_953043
942 _adpl
_cEN
_2ddc
_h658.84
_mPAU
999 _c70813
_d70813